000 04005nab a2200349 i 4500
003 BR-BrBNA
005 20260119213527.0
008 260119b2024 bl.tr|pooa||| 00| 0 por |
040 _aBR-BrBNA
_bpor
072 _aF02
_b0710
072 _aF01
100 _aMartin, Mariuccia Schlichting De
100 _aBrighenti, Alberto Fontanella
100 _aPinto, Felipe Augusto Moretti Ferreira
100 _a Araujo, Leonardo
100 _aCouto, Marcelo
100 _aArioli, Cristiano João
245 _aPotencial produtivo e qualidade de frutos do cultivar de macieira ‘SCS1605 Serrana’ conduzida sobre diferentes porta-enxertos
500 _a Publicação online; 7 ref.; 2 tables; 1 illus.; Summaries (En, Pt)
520 _a Resumo – Este trabalho teve como objetivo avaliar o potencial produtivo e a qualidade de frutos do cultivar de macieira SCS1605 Serrana sobre diferentes porta-enxertos na região de São Joaquim, SC. O trabalho foi conduzido nas safras 2019/2020 e 2020/2021, utilizando os porta-enxertos Marubakaido (Maruba; 1000 plantas ha-1) e Maruba com interenxerto (filtro) de M.9 (MB/M.9; 1667 plantas ha-1). Foram avaliados a produção e número de frutos por planta, produtividade estimada (t ha-1), massa média de frutos, índice de iodo-amido, firmeza de polpa, teor de sólidos solúveis (SS), acidez titulável e classificação em relação ao calibre e percentual de cor vermelha na casca. A macieira ‘SCS1605 Serrana’ apresentou alto potencial produtivo em ambas as safras, com produtividades superiores a 59,2 e 93,4t ha-1 para as safras 2019/2020 e 2020/2021, respectivamente. O MB/M.9 proporcionou maior produtividade e calibre de frutos na safra 2019/2020. A utilização do MB/M.9 propiciou maiores teores de SS e percentuais de cor vermelha na casca em comparação ao Maruba. O cultivar SCS1605 Serrana apresenta elevado potencial produtivo na região de São Joaquim, com produtividades médias elevadas e alta qualidade de frutos, tanto para o porta-enxerto Maruba quanto para o MB/M.9. Termos para Indexação: Malus domestica; Produtividade; Calibre; Maturação
520 _a Abstract – The aim of this study was to evaluate the yield potential and fruit quality of the apple cultivar SCS1605 Serrana grafted on different rootstocks in the region of São Joaquim, SC. The work was carried out in the 2019/2020 and 2020/2021 harvest seasons, using the rootstocks Marubakaido (Maruba; 1000 plants ha-1) and Maruba with M.9 interstem (MB/M.9; 1667 plants ha-1). Yield and number of fruits per tree, estimated yield (t ha-1), fruit mass, starch index, flesh firmness, soluble solids (SS) content and titratable acidity were evaluated. The fruits were also classified by size and percentage of red color in the skin. The cultivar SCS1605 Serrana showed high yield potential in both harvest seasons, with estimated yields above 59.2 and 93.4t ha-1 for the 2019/2020 and 2020/2021 seasons, respectively. The rootstock MB/M.9 provided higher yield and fruit caliber in the 2019/2020 seasons. The MB/M.9 provided higher levels of SS and percentages of red color in the skin compared to Maruba. The cultivar SCS1605 Serrana has a high yield potential in the region of São Joaquim, with high yields and fruit quality, for both Maruba and MB/M.9 rootstocks .Index Terms: Malus domestica; Productivity; Caliber; Maturity
650 _aMAÇÃ
650 _aVARIEDADE
650 _aQUALIDADE
650 _aPORTA-ENXERTO
650 _aMATURAÇÃO
650 _aPRODUTIVIDADE
773 0 _01813
_9359867
_dFlorianópolis-SC Empresa de Pesquisa Agropecuária e Extensão Rural de Santa Catarina 1988-
_o2026-0257
_tAgropecuária Catarinense (Brazil)
_x0103-0779
_gv. 37(2) p. 19-22; (2024)
_wBR2025005470
856 _uhttps://publicacoes.epagri.sc.gov.br/rac/article/view/1786/1691
942 _cANA
999 _c339875
_d339875